000 00280nam a22001337a 4500
008 170313b xxu||||| |||| 00| 0 eng d
020 _a354008777
041 _aeng
080 _a591
100 _a7
101 _aSHM
245 _aANIMAL MIGRATION
_cKEETON.W.T
942 _2udc
_cBK
999 _c7663
_d7663